Biographical directory of the American Congress, 1774-1949 : (Record no. 43344)
[ view plain ]
| 000 -LEADER | |
|---|---|
| fixed length control field | 01660nam a2200325 a 4500 |
| 001 - CONTROL NUMBER | |
| control field | 43344 |
| 003 - CONTROL NUMBER IDENTIFIER | |
| rucl marc code | BD-RjUL |
| 005 - DATE AND TIME OF LATEST TRANSACTION | |
| control field | 20211209053703.0 |
| 008 - FIXED-LENGTH DATA ELEMENTS--GENERAL INFORMATION | |
| fixed length control field | 190411s1950 vaua 00000ceng c |
| 035 ## - SYSTEM CONTROL NUMBER | |
| System control number | (BD-RjUL)43462 |
| 040 ## - CATALOGING SOURCE | |
| Original cataloging agency | ANL |
| Language of cataloging | eng |
| Modifying agency | ANL |
| Transcribing agency | BD-RjUL |
| Description conventions | BD-RjUL |
| 041 ## - LANGUAGE CODE | |
| Language code of text/sound track or separate title | eng |
| 042 ## - AUTHENTICATION CODE | |
| Authentication code | pcc |
| 043 ## - GEOGRAPHIC AREA CODE | |
| Geographic area code | n-us--- |
| 082 ## - DEWEY DECIMAL CLASSIFICATION NUMBER | |
| Edition number | 23 |
| Classification number | 328.730922 |
| Author mark and year | UNB 1950 |
| 110 ## - MAIN ENTRY--CORPORATE NAME | |
| Corporate name or jurisdiction name as entry element | United States. |
| Subordinate unit | Congress. |
| -- | Joint Committee on Printing. |
| 9 (RLIN) | 230492 |
| 245 10 - TITLE STATEMENT | |
| Title | Biographical directory of the American Congress, 1774-1949 : |
| Remainder of title | the Continental Congress, September 5, 1774, to October 21, 1788, and the Congress of the United States, from the First to the Eightieth Congress, March 4, 1789, to January 3, 1949, Inclusive / |
| Statement of responsibility, etc. | United States. Congress. Joint Committee on Printing ; James L. Harrison, Compiler ; Paul C. Beach, Assistant Compiller |
| 260 ## - PUBLICATION, DISTRIBUTION, ETC. (IMPRINT) | |
| Place of publication, distribution, etc. | Washington, D. C. : |
| Name of publisher, distributor, etc. | U. S. Government Printing Office, |
| Date of publication, distribution, etc. | 1950 |
| 300 ## - PHYSICAL DESCRIPTION | |
| Pagination | xii, 2057 p. : |
| Illustrations | Ill.. ; |
| Size | 29 cm. |
| 490 ## - SERIES STATEMENT | |
| Series statement | Eighty-first Congress, Second Session - - - House Document ; |
| Volume/sequential designation | No. 607 |
| 610 10 - SUBJECT ADDED ENTRY--CORPORATE NAME | |
| Corporate name or jurisdiction name as entry element | United States. |
| Subordinate unit | Continental Congress |
| Corporate name or jurisdiction name as entry element | United States. |
| Subordinate unit | Congress |
| 650 #0 - SUBJECT ADDED ENTRY--TOPICAL TERM | |
| Topical term or geographic name as entry element | Legislators |
| Geographic subdivision | United States |
| General subdivision | Biography. |
| 9 (RLIN) | 230484 |
| 651 #0 - SUBJECT ADDED ENTRY--GEOGRAPHIC NAME | |
| Geographic name | United States |
| General subdivision | Biography. |
| 9 (RLIN) | 230485 |
| 700 ## - ADDED ENTRY--PERSONAL NAME | |
| Personal name | Harrison, James L. , Compiler, |
| Personal name | Beach, Paul C. , Assistant Compiller |
| 830 ## - SERIES ADDED ENTRY--UNIFORM TITLE | |
| Uniform title | Eighty-first Congress, Second Session - - - House Document ; |
| Volume number/sequential designation | No. 607 |
| 942 ## - ADDED ENTRY ELEMENTS (KOHA) | |
| Source of classification or shelving scheme | Dewey Decimal Classification |
| Koha item type | Rare Books |
| Lost status | Source of classification or shelving scheme | Damaged status | Not for loan | Collection code | Permanent Location | Current Location | Shelving location | Date acquired | Source of acquisition | Total Checkouts | Full call number | Date last seen | Copy number | Koha item type |
|---|---|---|---|---|---|---|---|---|---|---|---|---|---|---|
| Dewey Decimal Classification | Not For Loan | Rare Books | Central Library, University of Rajshahi | Central Library, University of Rajshahi | Rare Book Section | 12/02/1958 | Dacca, U.S.I.S. | RA 328.730922 UNB 1950 | 11/04/2019 | C-1 | Rare Books |